| 000 -LEADER |
| fixed length control field |
02550cam a2200481 i 4500 |
| 001 - CONTROL NUMBER |
| control field |
21510353 |
| 003 - CONTROL NUMBER IDENTIFIER |
| control field |
NUST |
| 005 - DATE AND TIME OF LATEST TRANSACTION |
| control field |
20230127180143.0 |
| 008 - FIXED-LENGTH DATA ELEMENTS--GENERAL INFORMATION |
| fixed length control field |
200422s2020 ch a b 000 0 chi d |
| 010 ## - LIBRARY OF CONGRESS CONTROL NUMBER |
| LC control number |
2020362858 |
| 020 ## - INTERNATIONAL STANDARD BOOK NUMBER |
| International Standard Book Number |
978-1-4088-8313-6 |
| 035 ## - SYSTEM CONTROL NUMBER |
| System control number |
(OCoLC)on1141103330 |
| 040 ## - CATALOGING SOURCE |
| Original cataloging agency |
ACTRA |
| Language of cataloging |
eng |
| Description conventions |
rda |
| Transcribing agency |
ACTRA |
| Modifying agency |
OCLCF |
| -- |
OCLCQ |
| -- |
LPU |
| -- |
DLC |
| 041 1# - LANGUAGE CODE |
| Language code of text/sound track or separate title |
chi |
| Language code of original |
eng |
| 042 ## - AUTHENTICATION CODE |
| Authentication code |
lccopycat |
| 050 00 - LIBRARY OF CONGRESS CALL NUMBER |
| Classification number |
D21.3 |
| Item number |
.F73127 2020 |
| 066 ## - CHARACTER SETS PRESENT |
| Alternate G0 or G1 character set |
$1 |
| 082 ## - DEWEY DECIMAL CLASSIFICATION NUMBER |
| Classification number |
909,FRA |
| 100 1# - MAIN ENTRY--PERSONAL NAME |
| Personal name |
Frankopan, Peter |
| Relator term |
author. |
| 9 (RLIN) |
99952 |
| 245 ## - TITLE STATEMENT |
| Title |
Silk Roads : |
| Remainder of title |
a new history of the world / |
| Statement of responsibility, etc. |
Frankopan, Peter, |
| 264 #1 - PRODUCTION, PUBLICATION, DISTRIBUTION, MANUFACTURE, AND COPYRIGHT NOTICE |
| Linkage |
= |
| Place of production, publication, distribution, manufacture |
India |
| Name of producer, publisher, distributor, manufacturer |
Thomson Press |
| Date of production, publication, distribution, manufacture, or copyright notice |
2015 |
| 300 ## - PHYSICAL DESCRIPTION |
| Extent |
636 pages : |
| Other physical details |
some color illustrations ; |
| Dimensions |
21 cm |
| 336 ## - CONTENT TYPE |
| Content type term |
text |
| Content type code |
txt |
| Source |
rdacontent |
| 505 ## - FORMATTED CONTENTS NOTE |
| Formatted contents note |
The Creation of the Silk Road (Page-1), The Road of Faiths (Page-27), The Road to Christian East (Page-45), The Road to revolution (Page-63), The Road to Concord (Page-79), The Road of Furs (Page-102), The Save Road (Page-117), The Road to Heaven (Page-136), The Road to Hell (Page-158), The Road of Death and Destruction (Page-175), The Road of Gold (Page-202), The Road of Silver (Page-220), The Road to Northern Europe (Page-243), The Road to Empire (Page-264), The Road to Crisis (Page-280), The Road to War (Page-294), The Road of Black Gold (Page-322), The Road to Compromise (page-341), The Wheat road (Page-3570, The Road to Genocide (Page-377), The Road of Cold Warfare (Page-399), The American Road (Page-419), The road of Superpower Rivalry (Page-437), The Road to Catastrophe (Page-457), The Road to Tragedy (Page-508). |
| 650 #0 - SUBJECT ADDED ENTRY--TOPICAL TERM |
| Topical term or geographic name entry element |
World history. |
| 650 #0 - SUBJECT ADDED ENTRY--TOPICAL TERM |
| Topical term or geographic name entry element |
Trade routes |
| General subdivision |
History. |
| 9 (RLIN) |
107949 |
| 650 #0 - SUBJECT ADDED ENTRY--TOPICAL TERM |
| Topical term or geographic name entry element |
East and West |
| General subdivision |
History. |
| 9 (RLIN) |
107950 |
| 650 #0 - SUBJECT ADDED ENTRY--TOPICAL TERM |
| Topical term or geographic name entry element |
Imperialism |
| General subdivision |
History. |
| 9 (RLIN) |
107951 |
| 650 #0 - SUBJECT ADDED ENTRY--TOPICAL TERM |
| Topical term or geographic name entry element |
Culture conflict |
| General subdivision |
History. |
| 9 (RLIN) |
107952 |
| 650 #0 - SUBJECT ADDED ENTRY--TOPICAL TERM |
| Topical term or geographic name entry element |
Acculturation |
| General subdivision |
History. |
| 9 (RLIN) |
107953 |
| 650 #7 - SUBJECT ADDED ENTRY--TOPICAL TERM |
| Topical term or geographic name entry element |
Acculturation. |
| Source of heading or term |
fast |
| Authority record control number or standard number |
(OCoLC)fst00795535 |
| 9 (RLIN) |
104771 |
| 650 #7 - SUBJECT ADDED ENTRY--TOPICAL TERM |
| Topical term or geographic name entry element |
Culture conflict. |
| Source of heading or term |
fast |
| Authority record control number or standard number |
(OCoLC)fst00885099 |
| 9 (RLIN) |
36403 |
| 650 #7 - SUBJECT ADDED ENTRY--TOPICAL TERM |
| Topical term or geographic name entry element |
East and West. |
| Source of heading or term |
fast |
| Authority record control number or standard number |
(OCoLC)fst00901090 |
| 9 (RLIN) |
10370 |
| 650 #7 - SUBJECT ADDED ENTRY--TOPICAL TERM |
| Topical term or geographic name entry element |
Imperialism. |
| Source of heading or term |
fast |
| Authority record control number or standard number |
(OCoLC)fst00968126 |
| 9 (RLIN) |
49704 |
| 650 #7 - SUBJECT ADDED ENTRY--TOPICAL TERM |
| Topical term or geographic name entry element |
Trade routes. |
| Source of heading or term |
fast |
| Authority record control number or standard number |
(OCoLC)fst01153852 |
| 9 (RLIN) |
107954 |
| 650 #7 - SUBJECT ADDED ENTRY--TOPICAL TERM |
| Topical term or geographic name entry element |
World history. |
| Source of heading or term |
fast |
| Authority record control number or standard number |
(OCoLC)fst01181345 |
| 9 (RLIN) |
107959 |
| 651 #0 - SUBJECT ADDED ENTRY--GEOGRAPHIC NAME |
| Geographic name |
Silk Road. |
| 9 (RLIN) |
107956 |
| 651 #0 - SUBJECT ADDED ENTRY--GEOGRAPHIC NAME |
| Geographic name |
Silk Road |
| General subdivision |
History. |
| 9 (RLIN) |
4678 |
| 651 #7 - SUBJECT ADDED ENTRY--GEOGRAPHIC NAME |
| Geographic name |
Asia |
| Geographic subdivision |
Silk Road. |
| Source of heading or term |
fast |
| Authority record control number or standard number |
(OCoLC)fst01243730 |
| 9 (RLIN) |
107957 |
| 655 #7 - INDEX TERM--GENRE/FORM |
| Genre/form data or focus term |
History. |
| Source of term |
fast |
| Authority record control number |
(OCoLC)fst01411628 |
| 9 (RLIN) |
13777 |
| 700 1# - ADDED ENTRY--PERSONAL NAME |
| Linkage |
880-05 |
| Personal name |
Yuan, Mowen, |
| Dates associated with a name |
1986- |
| Relator term |
translator. |
| 9 (RLIN) |
107958 |
| 942 ## - ADDED ENTRY ELEMENTS (KOHA) |
| Source of classification or shelving scheme |
|
| Koha item type |
Book |
| Call number prefix |
909,FRA |